| 000 | 01130nam a2200193 a 4500 | ||
|---|---|---|---|
| 001 | 000022050 | ||
| 005 | 20200930011548.0 | ||
| 008 | 100916s1989 dr 001 0 spa d | ||
| 040 |
_aDO-SdBNP _bspa _cBNPHU |
||
| 082 |
_a972.93 _bC744t |
||
| 100 | 1 |
_aConcepción, J. Agustín _922539 |
|
| 245 | 1 | 0 |
_aTribuna histórica / _cJ. Agustín Concepción. |
| 260 |
_aLa Vega, República Dominicana : _bComisión Organizadora Permanente de la Feria Nacional del Libro, _c1989. |
||
| 300 |
_a76 p. ; _c22 cm. |
||
| 505 | 0 |
_tLucas Evangelista de Peña: su dimensión patricia -- _tInjusta imputación contra prócer mocano -- _tEn defensa de Duarte -- _tFrancisco José Peynado, aunténtico prócer ignorado -- _tProyección dominicana del apostolado de Hostos -- _tBalaguer, único gobernante dominicano reelegido -- _tFueron cuatro las veganas hermanas Villa -- _tTrujillo no siempre obligó, ni a todos ultrajó. |
|
| 651 | 4 |
_aRepública Dominicana _xHistoria _ySIGLO XIX _vENSAYOS, CONFERENCIAS, ETC. _945697 |
|
| 651 | 4 |
_aRepública Dominicana _xHistoria _ySIGLO XX _vENSAYOS, CONFERENCIAS, ETC. _945698 |
|
| 910 | _aValidado. Control de calidad EMS | ||
| 999 |
_c21548 _d21548 |
||